[Event "Russian Championship B15 2016"]
[Site "Loo"]
[Date "2016.04.21"]
[Round "2.18"]
[White "Shoboev, Dandar"]
[Black "Bazhenov, Aleksandr"]
[Result "0-1"]
[WhiteElo "1846"]
[BlackElo "2162"]
[PlyCount "78"]
[EventDate "2016.04.20"]

1. d4 d5 2. c4 e6 3. Nf3 c6 4. Nc3 dxc4 5. a4 Bb4 6. e3 b5 7. Bd2 a5 8. axb5
Bxc3 9. Bxc3 cxb5 10. b3 Bb7 11. bxc4 b4 12. Bb2 Nf6 13. Bd3 O-O 14. O-O Nbd7
15. Nd2 Qc7 16. f4 Rfd8 17. Qc2 h6 18. e4 a4 19. Rxa4 b3 20. Qxb3 Nc5 21. dxc5
Qxc5+ 22. Kh1 Rxa4 23. Qxa4 Rxd3 24. Qc2 Qe3 25. Nf3 Bxe4 26. Bc1 Qc5 27. Nd2
Bf5 28. Qb2 Ng4 29. h3 Nf6 30. Nf3 Be4 31. Qa2 Qh5 32. Qe2 Qg6 33. Be3 Nh5 34.
Qf2 Ng3+ 35. Kg1 Bxf3 36. Rb1 Bxg2 37. Kh2 Rxe3 38. Qxe3 Nf1+ 39. Rxf1 Bxf1 0-1

[Event "Russian Championship B15 2016"]
[Site "Loo"]
[Date "2016.04.21"]
[Round "2.19"]
[White "Golikov, Daniil"]
[Black "Koren, Vladimir"]
[Result "1-0"]
[WhiteElo "2152"]
[BlackElo "1826"]
[PlyCount "95"]
[EventDate "2016.04.20"]

1. d4 d5 2. c4 e6 3. Nc3 Nf6 4. cxd5 exd5 5. Bg5 Be7 6. e3 O-O 7. Bd3 h6 8.
Bxf6 Bxf6 9. b4 c6 10. b5 c5 11. Nge2 b6 12. Rc1 Be6 13. O-O Nd7 14. Bb1 cxd4
15. exd4 Re8 16. h3 Nf8 17. f4 Bc8 18. Qd3 Qd6 19. Rf3 Bd7 20. f5 Rac8 21. Rd1
Rc4 22. a4 Bc8 23. Ba2 Bb7 24. Bxc4 dxc4 25. Qxc4 Bxf3 26. gxf3 Qd7 27. Qc6 Qd8
28. Ne4 Be5 29. Kf2 Re7 30. f4 Rc7 31. dxe5 Qh4+ 32. Ke3 Rxc6 33. bxc6 Qe7 34.
Rc1 Qc7 35. Nd6 Nd7 36. Nb5 Qc8 37. Nxa7 Qc7 38. Nb5 Qc8 39. c7 Nc5 40. Rxc5
bxc5 41. a5 c4 42. Nec3 Qxf5 43. a6 g5 44. Ne4 Qxh3+ 45. Kd4 c3 46. a7 c2 47.
a8=Q+ Kg7 48. c8=Q 1-0

[Event "Russian Championship B15 2016"]
[Site "Loo"]
[Date "2016.04.21"]
[Round "2.20"]
[White "Shemyakin, Valeriy"]
[Black "Novikov, Kirill"]
[Result "1-0"]
[WhiteElo "2077"]
[BlackElo "1814"]
[PlyCount "103"]
[EventDate "2016.04.20"]

1. e4 c5 2. Nf3 d6 3. d4 cxd4 4. Nxd4 Nf6 5. Nc3 a6 6. h3 e5 7. Nde2 Be6 8. g4
Be7 9. Bg2 Nbd7 10. Ng3 O-O 11. Nf5 Bxf5 12. exf5 Qc7 13. g5 Ne8 14. Nd5 Qd8
15. Nxe7+ Qxe7 16. Bxb7 Ra7 17. Bd5 Nc7 18. Be3 Nxd5 19. Bxa7 Nf4 20. Be3 Qxg5
21. Qg4 Qe7 22. Rg1 g6 23. O-O-O Nf6 24. Qf3 N6h5 25. Bxf4 Nxf4 26. c4 Rc8 27.
fxg6 hxg6 28. Kb1 Qe6 29. b3 Qf5+ 30. Kc1 e4 31. Qg4 Qxg4 32. Rxg4 Nxh3 33.
Rxd6 Nxf2 34. Rg3 Re8 35. Kd2 e3+ 36. Rxe3 Ne4+ 37. Rxe4 Rxe4 38. c5 Re8 39. c6
Rc8 40. b4 Rc7 41. Kd3 Kf8 42. Kd4 g5 43. Kc5 g4 44. Kb6 Re7 45. c7 Rxc7 46.
Kxc7 Kg7 47. a4 f5 48. b5 axb5 49. axb5 g3 50. b6 f4 51. b7 g2 52. Rd1 1-0

[Event "Russian Championship B15 2016"]
[Site "Loo"]
[Date "2016.04.21"]
[Round "2.21"]
[White "Levdansky, Alexey"]
[Black "Timoshkin, Aleksandr"]
[Result "1/2-1/2"]
[WhiteElo "1962"]
[BlackElo "1758"]
[PlyCount "136"]
[EventDate "2016.04.20"]

1. d4 Nf6 2. c4 c5 3. Nf3 cxd4 4. Nxd4 g6 5. g3 Bg7 6. Bg2 O-O 7. Nc3 Nc6 8.
O-O Nxd4 9. Qxd4 d6 10. Qd3 a6 11. Rd1 Qc7 12. Bg5 Be6 13. Nd5 Bxd5 14. cxd5 h6
15. Bd2 Nd7 16. Rac1 Qb6 17. Bc3 Ne5 18. Qe4 Rac8 19. a3 Rc4 20. Qb1 Rfc8 21.
e3 Qb3 22. Bh3 R4c5 23. Bg2 Nd7 24. Bxg7 Kxg7 25. Rxc5 Rxc5 26. Rd4 a5 27. Rd3
Qb5 28. b4 Rc7 29. Bf1 Ne5 30. Rc3 Qb6 31. Rxc7 Qxc7 32. bxa5 Qxa5 33. Qb2 Kf8
34. f4 Nf3+ 35. Kg2 Qd2+ 36. Qxd2 Nxd2 37. Bd3 Nb3 38. Kf3 Nc5 39. Bc2 Kg7 40.
e4 Kf6 41. Ke3 g5 42. Kd4 Kg6 43. e5+ Kh5 44. f5 f6 45. Bd1+ g4 46. e6 Kg5 47.
Bc2 Na6 48. Kc4 Nc7 49. a4 b6 50. Be4 h5 51. Kb4 Kh6 52. a5 bxa5+ 53. Kxa5 Kg7
54. Kb6 Ne8 55. Kc6 Kf8 56. Kd7 Ng7 57. Kd8 Ne8 58. Kd7 Ng7 59. Kc6 Ke8 60. Kb5
Kd8 61. Kc4 Kc7 62. Kd4 Kb7 63. Bd3 Ne8 64. Be2 Ng7 65. Bd1 Nxf5+ 66. Ke4 Ng7
67. Kd4 Kb6 68. Bc2 Kb5 1/2-1/2

[Event "Russian Championship B15 2016"]
[Site "Loo"]
[Date "2016.04.21"]
[Round "2.22"]
[White "Danilchenko, Dmitrij"]
[Black "Tyapkin, Petr"]
[Result "1/2-1/2"]
[WhiteElo "1815"]
[BlackElo "1962"]
[PlyCount "40"]
[EventDate "2016.04.20"]

1. d4 Nf6 2. c4 g6 3. Nc3 Bg7 4. e4 d6 5. Nf3 O-O 6. Be2 e5 7. O-O Nc6 8. Be3
Ng4 9. Bg5 f6 10. Bh4 g5 11. Bg3 Nh6 12. dxe5 fxe5 13. Qd5+ Kh8 14. c5 g4 15.
Nd2 Nd4 16. Nb3 Be6 17. Qxb7 Rb8 18. Qxa7 Ra8 19. Qb7 Rb8 20. Qa7 Ra8 1/2-1/2

[Event "Russian Championship B15 2016"]
[Site "Loo"]
[Date "2016.04.21"]
[Round "2.23"]
[White "Zakharov, Nikita"]
[Black "Medvedev, Vladimir"]
[Result "1-0"]
[WhiteElo "1940"]
[BlackElo "1698"]
[PlyCount "67"]
[EventDate "2016.04.20"]

1. Nf3 d5 2. g3 Nf6 3. Bg2 Bf5 4. c4 e6 5. Qb3 Qc8 6. cxd5 exd5 7. d3 c6 8. Nc3
h6 9. O-O Bd6 10. e4 dxe4 11. dxe4 Bh7 12. e5 Bxe5 13. Nxe5 O-O 14. Be3 Qc7 15.
Bf4 g5 16. Ng4 gxf4 17. Nxf6+ Kh8 18. Nxh7 Kxh7 19. Ne4 f5 20. Nc5 Rf7 21. Rad1
fxg3 22. fxg3 b6 23. Ne6 Qe7 24. Rfe1 Qf6 25. Rd6 Re7 26. Qe3 Rd7 27. Qd2 Re7
28. h4 Qf7 29. Nf8+ Kg8 30. Rxe7 Qxe7 31. Qxh6 Qe1+ 32. Kh2 Na6 33. Rf6 Qe7 34.
Qg5+ 1-0

[Event "Russian Championship B15 2016"]
[Site "Loo"]
[Date "2016.04.21"]
[Round "2.24"]
[White "Dyurmenov, Beslan"]
[Black "Saratovskiy, Dmitiy"]
[Result "0-1"]
[WhiteElo "1757"]
[BlackElo "1938"]
[PlyCount "68"]
[EventDate "2016.04.20"]

1. d4 f5 2. f4 Nf6 3. Nf3 d6 4. e3 g6 5. Bd3 Bg7 6. Nbd2 O-O 7. O-O Qe8 8. e4
fxe4 9. Nxe4 Nxe4 10. Bxe4 c6 11. c3 Nd7 12. Qc2 Nf6 13. Bd3 Nd5 14. Bc4 e6 15.
Ng5 Qe7 16. Bd2 Bd7 17. Rae1 Rae8 18. Re2 Qd8 19. Rfe1 Qc8 20. Ne4 Qc7 21. Ng5
Qc8 22. g3 a5 23. a4 b5 24. axb5 cxb5 25. Bxd5 Bxd4+ 26. Kf1 exd5 27. Qd3 Bh3+
28. Nxh3 Qxh3+ 29. Rg2 Rxe1+ 30. Bxe1 Rxf4+ 31. gxf4 Qxd3+ 32. Re2 Qf3+ 33. Bf2
Qh1+ 34. Bg1 Qxg1# 0-1

[Event "Russian Championship B15 2016"]
[Site "Loo"]
[Date "2016.04.21"]
[Round "2.25"]
[White "Akochenok, Daniil"]
[Black "Balanda, Maksim"]
[Result "1-0"]
[WhiteElo "1934"]
[BlackElo "1615"]
[PlyCount "53"]
[EventDate "2016.04.20"]

1. d4 Nf6 2. c4 c5 3. d5 e5 4. Nc3 d6 5. e4 Be7 6. Bd3 O-O 7. h3 Nbd7 8. g4 Ne8
9. Nf3 g6 10. a3 Ng7 11. Bh6 Kh8 12. Qd2 Nf6 13. O-O-O Ng8 14. Rdg1 Nxh6 15.
Qxh6 Rg8 16. h4 Bd7 17. Ng5 Bxg5+ 18. hxg5 Nh5 19. gxh5 gxh5 20. Rxh5 Rg7 21.
Qxd6 f6 22. g6 Qg8 23. Qxf6 Rf8 24. Rxh7+ Qxh7 25. Qxf8+ Rg8 26. Qf6+ Qg7 27.
Rh1+ 1-0

[Event "Russian Championship B15 2016"]
[Site "Loo"]
[Date "2016.04.21"]
[Round "2.26"]
[White "Khroni, Nikita"]
[Black "Akhtariev, Andrey"]
[Result "0-1"]
[WhiteElo "1688"]
[BlackElo "1927"]
[PlyCount "56"]
[EventDate "2016.04.20"]

1. e4 c5 2. Nf3 e6 3. d4 cxd4 4. Nxd4 Nf6 5. Nc3 Nc6 6. Bb5 Bb4 7. f3 Qa5 8.
Nxc6 bxc6 9. Bd3 Bxc3+ 10. bxc3 Qxc3+ 11. Bd2 Qd4 12. Rb1 d5 13. Rb4 Qc5 14. e5
Nd7 15. f4 a5 16. Rb3 Qd4 17. Be2 Nc5 18. Rf3 Ne4 19. c3 Qc5 20. Rhf1 Rb8 21.
Rd3 Ba6 22. Re3 Nxd2 23. Qxd2 Bxe2 24. Kxe2 Qc4+ 25. Rd3 a4 26. Ke3 a3 27. Rc1
Rb2 28. Rc2 Qxa2 0-1

[Event "Russian Championship B15 2016"]
[Site "Loo"]
[Date "2016.04.21"]
[Round "2.27"]
[White "Romadov, Dmitriy"]
[Black "Shidlovskiy, Artemiy"]
[Result "0-1"]
[WhiteElo "1533"]
[BlackElo "1879"]
[PlyCount "46"]
[EventDate "2016.04.20"]

1. e4 c5 2. Nf3 d6 3. d4 cxd4 4. Nxd4 Nf6 5. Nc3 Nc6 6. Be3 Ng4 7. Qd2 Nxe3 8.
Qxe3 g6 9. O-O-O Bg7 10. Nxc6 bxc6 11. Bc4 Qa5 12. f4 O-O 13. Bb3 Be6 14. Kb1
Rab8 15. Rhf1 Bg4 16. Rd3 Bc8 17. Rf3 Ba6 18. Rd2 c5 19. e5 c4 20. Ba4 dxe5 21.
fxe5 Bxe5 22. b3 Bxc3 23. Qxc3 Qxa4 0-1

[Event "Russian Championship B15 2016"]
[Site "Loo"]
[Date "2016.04.21"]
[Round "2.28"]
[White "Peisakhov, Imanuil"]
[Black "Kokuev, Iljya"]
[Result "1-0"]
[WhiteElo "1866"]
[BlackElo "1446"]
[PlyCount "83"]
[EventDate "2016.04.20"]

1. e4 e5 2. Nf3 Nc6 3. Bb5 a6 4. Ba4 Be7 5. O-O Nf6 6. Bxc6 dxc6 7. d3 Bd6 8.
b3 O-O 9. Bb2 Re8 10. h3 b6 11. Nbd2 Bb7 12. Nc4 Nd7 13. Re1 b5 14. Ne3 c5 15.
Nh2 Re6 16. Nf5 Nb6 17. Bc1 c4 18. dxc4 bxc4 19. Qe2 cxb3 20. axb3 Rc8 21. Rd1
Rg6 22. c4 Qe8 23. Be3 Bb4 24. c5 Nd7 25. Qc4 a5 26. Nf3 Ba6 27. Qc2 Rc6 28.
Rd5 Bb7 29. Qd1 Rd8 30. Nxe5 Bc3 31. Bd4 Nxe5 32. Rxd8 Qxd8 33. Bxe5 Bd2 34.
Ra2 Bg5 35. Qxd8+ Bxd8 36. Rd2 Bg5 37. f4 f6 38. Ne7+ Kf8 39. Nxc6 fxe5 40.
Nxe5 Bxf4 41. Rf2 g5 42. g3 1-0

[Event "Russian Championship B15 1st league 2016"]
[Site "Loo"]
[Date "2016.04.21"]
[Round "2.1"]
[White "Kumargaliev, Marsel"]
[Black "Poliakov, Artem"]
[Result "0-1"]
[WhiteElo "1838"]
[BlackElo "2168"]
[PlyCount "50"]
[EventDate "2016.04.20"]

1. e4 d6 2. d4 Nf6 3. Nc3 c6 4. f3 Qa5 5. Be3 e5 6. Nge2 Be6 7. Nc1 exd4 8.
Qxd4 Nbd7 9. Nb3 Qc7 10. O-O-O b5 11. Bf4 Ne5 12. Nc5 Be7 13. Nd3 Ng6 14. Bg3
Nh5 15. Ne1 Rd8 16. Bf2 Rd7 17. Kb1 Qa5 18. Kc1 Bf6 19. Qd2 b4 20. Nb1 c5 21.
Nd3 Qxa2 22. c3 Rb7 23. b3 Qxb3 24. Qb2 Qxb2+ 25. Kxb2 bxc3+ 0-1

[Event "Russian Championship B15 1st league 2016"]
[Site "Loo"]
[Date "2016.04.21"]
[Round "2.2"]
[White "Odegov, Artem"]
[Black "Lipilin, Ilia"]
[Result "1-0"]
[WhiteElo "2063"]
[BlackElo "1827"]
[PlyCount "95"]
[EventDate "2016.04.20"]

1. e4 c5 2. c3 e5 3. Nf3 Nc6 4. Bb5 d6 5. O-O Nf6 6. d4 Bd7 7. Bg5 Be7 8. d5
Nb8 9. Bxd7+ Nbxd7 10. Re1 O-O 11. Bc1 b5 12. a4 a6 13. axb5 axb5 14. Rxa8 Qxa8
15. Nh4 Qd8 16. Nf5 g6 17. Nxe7+ Qxe7 18. Bg5 Rb8 19. Qf3 Kg7 20. Qh3 b4 21. c4
Ra8 22. Nd2 Ra2 23. Qb3 Ra8 24. Nf1 h6 25. Bh4 Qe8 26. h3 Nh5 27. Kh2 Nb6 28.
Ne3 Qa4 29. Qd3 Nf4 30. Qd2 Qb3 31. g3 Nd3 32. Ng4 g5 33. Bxg5 Nxe1 34. Bxh6+
Kh8 35. Qxe1 Rg8 36. Qc1 Rg6 37. Qa1 Qa4 38. Qc1 Kh7 39. Bg5 Nxc4 40. h4 Qb3
41. h5 Rg7 42. Nf6+ Kh8 43. Bh6 Qxb2 44. Bxg7+ Kxg7 45. Qg5+ Kf8 46. Ng4 Qe2
47. h6 Qxe4 48. Qd8# 1-0

[Event "Russian Championship B15 1st league 2016"]
[Site "Loo"]
[Date "2016.04.21"]
[Round "2.3"]
[White "Gagarin, Vasily"]
[Black "Mukhutdinov, Tigran"]
[Result "1/2-1/2"]
[WhiteElo "1831"]
[BlackElo "2059"]
[PlyCount "123"]
[EventDate "2016.04.20"]

1. e4 e5 2. Nf3 Nc6 3. Bc4 Be7 4. d4 d6 5. dxe5 dxe5 6. Qxd8+ Bxd8 7. Nc3 Nf6
8. Be3 Bg4 9. O-O-O a6 10. a3 Be7 11. h3 Bxf3 12. gxf3 Bd6 13. Ba2 Nh5 14. Nd5
O-O-O 15. c4 Nd4 16. Bxd4 exd4 17. Rxd4 Bc5 18. Rd2 c6 19. Rhd1 cxd5 20. Rxd5
Nf4 21. Rxc5+ Kb8 22. Rg5 g6 23. Rxd8+ Rxd8 24. Kc2 f6 25. Rg3 Ne6 26. Rg2 Nd4+
27. Kd3 g5 28. Ke3 Ne6 29. Rg1 Nf4 30. Bb1 Nxh3 31. Rh1 Nf4 32. e5 h5 33. exf6
Re8+ 34. Be4 h4 35. Rg1 h3 36. f7 Rf8 37. Bd5 Kc7 38. Ke4 b6 39. Ke5 Nxd5 40.
cxd5 Rxf7 41. Ke6 Rh7 42. d6+ Kd8 43. Rh1 Rh8 44. b4 h2 45. a4 Rh4 46. a5 bxa5
47. bxa5 Rh6+ 48. Kd5 Kd7 49. Kc5 Rxd6 50. Rxh2 Rf6 51. Rg2 Rc6+ 52. Kb4 Rf6
53. Rxg5 Rxf3 54. Kc5 Kc7 55. Rg7+ Kb8 56. Rg6 Ka7 57. Rg7+ Kb8 58. Rg2 Rf5+
59. Kb4 Kb7 60. Rg7+ Kb8 61. Rg6 Kb7 62. Rg7+ 1/2-1/2

[Event "Russian Championship B15 1st league 2016"]
[Site "Loo"]
[Date "2016.04.21"]
[Round "2.4"]
[White "Bratchikov, Vladislav"]
[Black "Adyrbaev, Albert"]
[Result "1/2-1/2"]
[WhiteElo "1815"]
[BlackElo "2022"]
[PlyCount "95"]
[EventDate "2016.04.20"]

1. d4 Nf6 2. Nf3 g6 3. Bg5 Bg7 4. e3 O-O 5. Be2 d6 6. O-O Nbd7 7. c4 b6 8. Nc3
Bb7 9. Qc2 Qe8 10. Nb5 Qc8 11. Rac1 a6 12. Nc3 Re8 13. b4 e5 14. dxe5 dxe5 15.
e4 c6 16. Rfd1 Qc7 17. Nd2 Nf8 18. Nb3 Ne6 19. Be3 Rad8 20. c5 b5 21. Rxd8 Rxd8
22. Rd1 Bc8 23. Rd2 Ne8 24. Qd1 Rxd2 25. Qxd2 Nf4 26. Bd1 Be6 27. Na5 Qd7 28.
Bb3 Qxd2 29. Bxd2 Bd7 30. g3 Nh5 31. f3 Kf8 32. Ne2 Ke7 33. Bg5+ f6 34. Bd2 Bf8
35. g4 Nhg7 36. Bh6 Ne6 37. Bxf8+ Nxf8 38. Kf2 Kd8 39. h3 Ke7 40. f4 Be6 41. f5
Bxb3 42. Nxb3 g5 43. Ng3 Nd7 44. Nh5 Nf8 45. h4 h6 46. hxg5 hxg5 47. Na5 Kd7
48. Ke3 1/2-1/2

[Event "Russian Championship B15 1st league 2016"]
[Site "Loo"]
[Date "2016.04.21"]
[Round "2.5"]
[White "Avalyan, Artur"]
[Black "Novikov, Aleksey"]
[Result "1-0"]
[WhiteElo "2021"]
[BlackElo "1823"]
[PlyCount "145"]
[EventDate "2016.04.20"]

1. e4 c6 2. d4 d5 3. Nc3 dxe4 4. Nxe4 Nf6 5. Nxf6+ exf6 6. Be2 Bd6 7. Nf3 O-O
8. O-O Be6 9. c4 Nd7 10. b3 c5 11. d5 Bg4 12. Bb2 Bxf3 13. Bxf3 b5 14. cxb5 Qb8
15. h3 Qxb5 16. Rc1 Rfe8 17. Rc2 Be5 18. Be2 Qb8 19. Ba3 Bd4 20. Bg4 Ne5 21.
Bxc5 Bxc5 22. Rxc5 Qb4 23. Rc2 Rad8 24. Be2 Qe4 25. Rd2 g6 26. Bb5 Re7 27. f4
Qb4 28. fxe5 Qxb5 29. exf6 Re5 30. d6 Re6 31. Qc1 Qb6+ 32. Kh1 Rexd6 33. Rdf2
Qxf2 34. Rxf2 Rd1+ 35. Rf1 Rxc1 36. Rxc1 h5 37. Rc4 a6 38. Rc6 a5 39. Ra6 Rd5
40. a4 h4 41. Rb6 Re5 42. Rb5 Re3 43. Kg1 Rg3 44. b4 axb4 45. Rxb4 Rg5 46. Rxh4
Rf5 47. Rc4 Rxf6 48. a5 Ra6 49. Ra4 Kf8 50. Kf2 f5 51. Ke3 Ke7 52. Kf4 Kf6 53.
h4 Ra7 54. a6 Ke6 55. Kg5 Kf7 56. h5 gxh5 57. Kxf5 h4 58. Kg5 Kg7 59. Kxh4 Kf6
60. g4 Kg6 61. g5 Kf5 62. Ra5+ Kg6 63. Kg4 Kf7 64. Kf5 Kf8 65. Ra1 Ke7 66. g6
Ke8 67. Kf6 Kf8 68. Ra2 Rf7+ 69. Ke6 Re7+ 70. Kd6 Rg7 71. a7 Rxg6+ 72. Ke5 Ra6
73. Rxa6 1-0

[Event "Russian Championship B15 1st league 2016"]
[Site "Loo"]
[Date "2016.04.21"]
[Round "2.6"]
[White "Marchenko, Nikolay"]
[Black "Smirnov, Roman"]
[Result "1/2-1/2"]
[WhiteElo "1995"]
[BlackElo "1792"]
[PlyCount "88"]
[EventDate "2016.04.20"]

1. c4 e5 2. Nc3 Nc6 3. g3 Nf6 4. Bg2 Bc5 5. e3 O-O 6. Nge2 d6 7. O-O Bf5 8. d3
Qd7 9. Nd5 Nxd5 10. cxd5 Ne7 11. d4 exd4 12. Nxd4 Bh3 13. e4 Bxg2 14. Kxg2 Bxd4
15. Qxd4 f5 16. Bg5 fxe4 17. Rae1 Ng6 18. Qxe4 Rae8 19. Qd4 Qf5 20. Rxe8 Rxe8
21. Qd2 Re5 22. Bd8 Rxd5 23. Qe3 Re5 24. Qb3+ d5 25. Bxc7 Re7 26. Bd6 Rf7 27.
Qe3 Qe4+ 28. Kg1 Qxe3 29. fxe3 Rxf1+ 30. Kxf1 Kf7 31. Bc5 b6 32. Bd4 Ne7 33.
Ke2 g5 34. g4 Nc8 35. Be5 Ke6 36. Bb8 a6 37. Kd3 Ne7 38. Bc7 Nc6 39. Kc3 b5 40.
b4 Kd7 41. Bg3 Ke6 42. h3 Kf6 43. Bh2 Ke6 44. Bg3 Kf6 1/2-1/2

[Event "Russian Championship B15 1st league 2016"]
[Site "Loo"]
[Date "2016.04.21"]
[Round "2.7"]
[White "Safin, Timur"]
[Black "Rovnov, Vladislav"]
[Result "1-0"]
[WhiteElo "1802"]
[BlackElo "1993"]
[PlyCount "117"]
[EventDate "2016.04.20"]

1. e4 e6 2. d4 d5 3. e5 c5 4. c3 Nc6 5. Nf3 Bd7 6. a3 f6 7. Bd3 fxe5 8. dxe5
Qc7 9. O-O O-O-O 10. Re1 h6 11. b4 c4 12. Bf1 g5 13. a4 Bg7 14. Be3 Nge7 15.
Bc5 Be8 16. Na3 Ng6 17. Nb5 Qd7 18. Nxa7+ Nxa7 19. Bxa7 g4 20. Nd4 Bxe5 21. Bb6
Qd6 22. Bxd8 Kxd8 23. Qxg4 Bf7 24. Rad1 Bxh2+ 25. Kh1 Be5 26. Bxc4 Rg8 27. Nb5
Qe7 28. g3 h5 29. Qf3 h4 30. g4 Kc8 31. Bf1 Be8 32. Bh3 Bc6 33. Nd4 Rf8 34.
Nxc6 bxc6 35. Qe3 Kd7 36. a5 Bc7 37. g5 Nf4 38. Bg4 Qd6 39. f3 Kd8 40. Rd2 h3
41. a6 Ng2 42. Rxg2 hxg2+ 43. Kxg2 Rh8 44. f4 Qxf4 45. Qxf4 Bxf4 46. Rxe6 Kc7
47. g6 Rg8 48. Re7+ Kb6 49. g7 Bh6 50. a7 Ra8 51. Be6 Bxg7 52. Rxg7 Rxa7 53.
Rxa7 Kxa7 54. Kf3 Kb6 55. Ke3 c5 56. bxc5+ Kxc5 57. Kd3 Kd6 58. Bf7 Kc5 59. Bg8
1-0

[Event "Russian Championship B15 1st league 2016"]
[Site "Loo"]
[Date "2016.04.21"]
[Round "2.8"]
[White "Slugin, Yaroslav"]
[Black "Petrov, Nikolay"]
[Result "1-0"]
[WhiteElo "1989"]
[BlackElo "1788"]
[PlyCount "79"]
[EventDate "2016.04.20"]

1. a3 e5 2. b4 d5 3. Bb2 Bd6 4. Nf3 Qe7 5. e3 Nf6 6. c4 dxc4 7. Bxc4 e4 8. Nd4
a5 9. b5 c5 10. bxc6 Nxc6 11. Nxc6 bxc6 12. d3 exd3 13. Bxd3 Bd7 14. Nd2 Rb8
15. Rb1 O-O 16. Bxf6 gxf6 17. Qh5 f5 18. Bxf5 Bxf5 19. Qxf5 Rxb1+ 20. Nxb1 Bxa3
21. Nxa3 Qxa3 22. Qg5+ Kh8 23. Qf6+ Kg8 24. O-O Qc5 25. h3 a4 26. Rd1 a3 27.
Rd4 h5 28. Ra4 Rb8 29. Qa1 Qd6 30. Rxa3 c5 31. e4 h4 32. e5 Qg6 33. Qc3 Qb1+
34. Kh2 Qb4 35. Qe3 Kh7 36. Ra7 Kg6 37. Qf3 Qc4 38. Qf6+ Kh5 39. Rxf7 Qe4 40.
Rg7 1-0

[Event "Russian Championship B15 1st league 2016"]
[Site "Loo"]
[Date "2016.04.21"]
[Round "2.9"]
[White "Chursin, Aleksandr"]
[Black "Rogotskiy, Yuriy"]
[Result "0-1"]
[WhiteElo "1798"]
[BlackElo "1967"]
[PlyCount "102"]
[EventDate "2016.04.20"]

1. c4 Nf6 2. Nc3 g6 3. d4 Bg7 4. Nf3 O-O 5. e4 d6 6. Be2 e5 7. dxe5 dxe5 8.
Qxd8 Rxd8 9. Bg5 Re8 10. O-O-O c6 11. Rd6 Nh5 12. Rhd1 Na6 13. Rd8 Be6 14.
Rxe8+ Rxe8 15. g3 f6 16. Be3 b6 17. c5 Nxc5 18. Bxc5 bxc5 19. Rd6 f5 20. Rxe6
Bh6+ 21. Kc2 Rxe6 22. Bc4 Kf7 23. Nxe5+ Kf6 24. Nd7+ Ke7 25. Bxe6 Kxe6 26.
Nxc5+ Kd6 27. b4 Nf6 28. f4 Ng4 29. e5+ Ke7 30. h3 Ne3+ 31. Kd3 Nf1 32. Ne2
Nxg3 33. Nxg3 Bxf4 34. Ne2 Bxe5 35. Nd4 Kd6 36. Nb7+ Kd5 37. Nf3 Bf6 38. Nc5 g5
39. Ke3 g4 40. hxg4 fxg4 41. Nd2 Bd4+ 42. Kf4 Bxc5 43. bxc5 Kxc5 44. Kxg4 Kb4
45. Kh5 c5 46. Kh6 c4 47. Kxh7 c3 48. Nb3 Ka3 49. Kg6 Kxa2 50. Nd4 Kb2 51. Kf5
c2 0-1

[Event "Russian Championship B15 1st league 2016"]
[Site "Loo"]
[Date "2016.04.21"]
[Round "2.10"]
[White "Moskvin, Anatoly"]
[Black "Matchenya, Ivan"]
[Result "1-0"]
[WhiteElo "1960"]
[BlackElo "1770"]
[PlyCount "67"]
[EventDate "2016.04.20"]

1. e4 Nc6 2. Nf3 d6 3. Bc4 Nf6 4. d3 g6 5. c3 Bg7 6. O-O O-O 7. Re1 Bg4 8. d4
e5 9. dxe5 Nxe5 10. Be2 Bxf3 11. Bxf3 Nfd7 12. Be2 Nc5 13. f4 Ned7 14. Bf3 a5
15. Be3 Re8 16. Qc2 Rb8 17. Nd2 Qe7 18. Rad1 b5 19. g3 b4 20. Nc4 Qe6 21. Nxa5
bxc3 22. bxc3 Rb5 23. Nc6 Nxe4 24. a4 Rb7 25. Na5 Rbb8 26. Ba7 d5 27. Bxe4 dxe4
28. Bxb8 Qb6+ 29. Kg2 Qxa5 30. Rxd7 Rxb8 31. Re3 Qc5 32. Qxe4 Bxc3 33. Qd5 Qxe3
34. Qxf7+ 1-0

[Event "Russian Championship B15 1st league 2016"]
[Site "Loo"]
[Date "2016.04.21"]
[Round "2.11"]
[White "Sheletun, Yakov"]
[Black "Mishin, Viacheslav"]
[Result "0-1"]
[WhiteElo "1790"]
[BlackElo "1949"]
[PlyCount "90"]
[EventDate "2016.04.20"]

1. e4 c5 2. Nf3 Nc6 3. d4 cxd4 4. Nxd4 g6 5. Nc3 Bg7 6. Be3 Nf6 7. Bc4 O-O 8.
Bb3 d5 9. exd5 Na5 10. Nf3 Nxb3 11. axb3 b6 12. Qd2 Bb7 13. O-O-O Qc8 14. Bg5
Rd8 15. Rhe1 Nxd5 16. Bxe7 Nxe7 17. Qxd8+ Qxd8 18. Rxd8+ Rxd8 19. Rxe7 Bxf3 20.
gxf3 Bh6+ 21. Kb1 Rd2 22. Ne4 Rd1+ 23. Ka2 Rh1 24. Rxa7 Bf4 25. Rb7 Rxh2 26.
Rxb6 h5 27. Nf6+ Kg7 28. Nd5 Be5 29. Rb4 Rxf2 30. f4 Bd6 31. Rb6 Bc5 32. Rc6
Bd4 33. Rc4 Rd2 34. c3 Bg1 35. Nc7 h4 36. f5 h3 37. fxg6 fxg6 38. Rh4 h2 39.
Ne6+ Kf6 40. Nd4 Bxd4 41. cxd4 g5 42. Rh8 g4 43. Rf8+ Ke7 44. Rf1 g3 45. Rh1
Rg2 0-1

[Event "Russian Championship B15 1st league 2016"]
[Site "Loo"]
[Date "2016.04.21"]
[Round "2.12"]
[White "Dolgikh, Evgeniy"]
[Black "Korobov, Ivan"]
[Result "1-0"]
[WhiteElo "1938"]
[BlackElo "1767"]
[PlyCount "73"]
[EventDate "2016.04.20"]

1. d4 g6 2. c4 Bg7 3. Nf3 c5 4. d5 e6 5. e4 exd5 6. exd5 d6 7. Bd3 Nf6 8. Nc3
O-O 9. h3 Na6 10. a3 Nc7 11. O-O a6 12. a4 Rb8 13. Bg5 h6 14. Bh4 g5 15. Bg3
Nh5 16. Bh2 f5 17. Nh4 Bxc3 18. Qxh5 Bg7 19. Ng6 Rf7 20. f4 Qf6 21. Kh1 Kh7 22.
Ne5 Rf8 23. fxg5 Qxg5 24. Qxg5 hxg5 25. Nf3 Kh6 26. Bxd6 Rf7 27. Ne5 Bxe5 28.
Bxe5 Ra8 29. Bxc7 Rxc7 30. Bxf5 Bxf5 31. Rxf5 Rd8 32. Re1 Rd6 33. Ree5 Rg7 34.
g4 b6 35. Kg2 a5 36. Kg3 Rgg6 37. Re7 1-0

[Event "Russian Championship B15 1st league 2016"]
[Site "Loo"]
[Date "2016.04.21"]
[Round "2.13"]
[White "Permin, Viktor"]
[Black "Fominov, Andrei"]
[Result "1-0"]
[WhiteElo "1930"]
[BlackElo "1730"]
[PlyCount "97"]
[EventDate "2016.04.20"]

1. d4 Nf6 2. c4 e6 3. Nf3 d5 4. g3 dxc4 5. Qa4+ Nbd7 6. Qxc4 a6 7. Bg2 b5 8.
Qc6 Rb8 9. Bf4 Nd5 10. Bg5 Be7 11. Bxe7 Nxe7 12. Qc2 Nb6 13. O-O Bb7 14. Nbd2
O-O 15. Rac1 Nc6 16. e3 Qe7 17. h4 h6 18. Nb3 Na4 19. Nc5 Nxc5 20. Qxc5 Rfc8
21. a3 Qd6 22. Nd2 Ne7 23. Bxb7 Rxb7 24. Ne4 Qxc5 25. Rxc5 Rb6 26. Rfc1 Nd5 27.
Nd2 c6 28. b4 Kf8 29. Nb3 Ke8 30. e4 Nf6 31. f3 Kd7 32. Na5 Rc7 33. Kf2 g6 34.
g4 Ne8 35. Kg3 Nf6 36. R1c2 Ne8 37. g5 h5 38. Kf4 Kd6 39. Rc1 Ng7 40. d5 exd5
41. exd5 Nf5 42. dxc6 Nxh4 43. Rd1+ Ke7 44. Re5+ Kf8 45. Rd8+ Kg7 46. Ree8 f6
47. Rd7+ Rxd7 48. cxd7 fxg5+ 49. Ke4 1-0

[Event "Russian Championship B15 1st league 2016"]
[Site "Loo"]
[Date "2016.04.21"]
[Round "2.14"]
[White "Martyntsev, Roman"]
[Black "Arbuzov, Mikhail"]
[Result "1/2-1/2"]
[WhiteElo "1768"]
[BlackElo "1925"]
[PlyCount "70"]
[EventDate "2016.04.20"]

1. e4 c5 2. Nf3 d6 3. d4 cxd4 4. Nxd4 Nf6 5. Nc3 g6 6. Be3 Bg7 7. f3 O-O 8. Qd2
Nc6 9. O-O-O Nxd4 10. Bxd4 Be6 11. Nd5 Bxd5 12. exd5 Qc7 13. g4 Rfc8 14. h4 Ne4
15. fxe4 Bxd4 16. c3 Bg7 17. h5 Qa5 18. Kb1 Qb6 19. Rc1 Rc7 20. hxg6 hxg6 21.
Bd3 Rac8 22. e5 dxe5 23. Be4 Rc4 24. Qd3 Qd6 25. b3 R4c7 26. Qh3 Kf8 27. Rhf1
b5 28. Rf3 g5 29. Qh5 Bf6 30. Qh6+ Ke8 31. Qh7 Kf8 32. Qh6+ Ke8 33. Qh7 Kf8 34.
Qh6+ Ke8 35. Qh7 Kf8 1/2-1/2